|
|
|
|
| LEADER |
00846cam a2200229 7i4500 |
| 001 |
0000060394 |
| 005 |
20210729090000.0 |
| 020 |
|
|
|a 9783030200268
|
| 020 |
|
|
|a 9783030200275 (electronic book)
|
| 090 |
0 |
0 |
|a RT5.A66
|b W47 2019
|
| 245 |
1 |
0 |
|a Frontier nursing in Appalachia :
|b history, organization and the changing culture of care
|c Edie West.
|
| 264 |
|
|
|b Springer,
|c 2019.
|
| 300 |
|
|
|a 1 online resource (xv, 240 pages):
|b color illustrations, text file, PDF.
|
| 336 |
|
|
|a text
|2 rdacontent
|
| 337 |
|
|
|a computer
|2 rdamedia
|
| 338 |
|
|
|a online resource
|2 rdacarrier
|
| 650 |
0 |
0 |
|a Nursing --
|x Appalachian Region --
|x History
|
| 655 |
0 |
0 |
|a Electronic books
|
| 856 |
4 |
2 |
|u http://library.unisel.edu.my/web/guest/mylibrary
|
| 997 |
|
|
|a Health Sciences, Faculty
|
| 998 |
|
|
|a Nursing, Diploma
|
| 999 |
|
|
|a EBO0006047
|b EBOOK
|c EBOOK
|e Electronic resources
|